000 01102nam a2200241Ia 4500
001 20923
003 GE_BSU
008 181216s||||||||xx |||||||||||||| ||und||
020 _a9789941934216
040 _cGE_BSU
080 _a342.8(479.22)(094.4)
245 _aსაქართველოს ორგანული კანონი საქართველოს საარჩევნო კოდექსი:2013წლის 2 სექტემბრის მდგომარეობით.
245 _cრედ: ნინო კვაჭანტირაძე
250 _a[საქ. საკანონმდებლო მაცნე, საქ. იუსტიც. სამინ.]
260 _aთბილისი.
260 _bსაქართველოს საკანონმდებლო მაცნე
260 _c2013
300 _a250 გვ;20 სმ.
541 _h9ლ.
653 _aსამართალი
653 _aსაქართველოს საარჩევნო კოდექსი.
942 _cBK
999 _c53872
_d53872